[Event "RUS-ch (Women)"]
[Site "Elista"]
[Date "1996.??.??"]
[Round "7"]
[White "Prudnikova, Svetlana"]
[Black "Shumiakina, Tatiana"]
[Result "1-0"]
[WhiteElo "2385"]
[BlackElo "2350"]

1.d4 d5 2.c4 e6 3.Nc3 c6 4.e3 Nf6 5.Nf3 Nbd7 6.Bd3 dxc4 7.Bxc4 b5 8.Bd3 Bb7
9.e4 b4 10.Na4 c5 11.e5 Nd5 12.O-O cxd4 13.Re1 a6 14.Bd2 g6 15.Be4 Qb8 16.Qc1 Qa7
17.Bh6 Be7 18.a3 Nc5 19.Nxc5 Qxc5 20.Qd2 bxa3 21.bxa3 Qc3 22.Qd1 Bf8 23.Bd2 Qc7
24.Qb3 Bg7 25.Rab1 Bc6 26.Nxd4 Qd7 27.Nxc6 Qxc6 28.Bb4 Bf8 29.Red1 Bxb4 30.Bxd5 exd5
31.Qxb4 a5 32.Qb5 Qxb5 33.Rxb5 Ke7 34.Rdxd5 a4 35.g3 Rhc8 36.Rdc5 Rxc5 37.Rxc5 Ke6
38.f4 h6 39.Kf2 Ra6 40.Rc4 Kd5 41.Rb4 Ke6 42.Kf3 h5 43.Ke4 Rc6 44.Rxa4 Rc2
45.Ra6+ Ke7 46.Ra7+ Kf8 47.Ra8+ Kg7 48.Rd8 Re2+ 49.Kd3 Ra2 50.Ra8 Rxh2 51.Ke3 Rg2
52.Kf3 Ra2 53.a4 Kh7 54.a5 Kg7 55.a6 Ra3+ 56.Kg2 Ra1 57.Ra7 Kg8 58.Kf3 Ra2
59.Ke4 Ra1 60.Kd5 Kf8 61.e6 Rd1+ 62.Kc5 Rc1+ 63.Kd4 Rd1+ 64.Kc3 fxe6 65.Rb7  1-0

[Event "RUS-ch"]
[Site "Elista"]
[Date "1996.??.??"]
[Round "9"]
[White "Zvjaginsev, Vadim"]
[Black "Galkin, Alexander"]
[Result "1/2-1/2"]
[WhiteElo "2590"]
[BlackElo "2425"]

1.d4 d5 2.c4 c6 3.e3 Nf6 4.Nc3 e6 5.Nf3 Nbd7 6.Qc2 Bd6 7.Bd3 O-O 8.O-O dxc4
9.Bxc4 b5 10.Be2 Bb7 11.Rd1 Qc7 12.b3 Rac8 13.Bb2 Qb8 14.Ne4 Nxe4 15.Qxe4 c5
16.Qh4 c4 17.Rdc1 Nf6 18.d5 Nxd5 19.bxc4 bxc4 20.Bxc4 Be7 21.Qg3 Qxg3 22.hxg3 Nb6
23.Bb3 Rxc1+ 24.Rxc1 Rc8 25.Rxc8+ Bxc8 26.Bd4 f6 27.e4 Kf7 28.g4 Bb7 29.e5 Bd8
30.Kf1 a5 31.exf6 gxf6 32.Nd2 Nd5 33.f3 Nb4 34.a3 Ba6+ 35.Bc4 Nc2 36.Bf2 Bxc4+
37.Nxc4 a4 38.Bc5 Be7 39.Bxe7 Kxe7 40.Ke2 Nd4+ 41.Kd3 Nb5 42.f4 Kf7 43.Ke4  1/2-1/2

[Event "RUS-ch (Women)"]
[Site "Elista"]
[Date "1996.??.??"]
[Round "9"]
[White "Stjazhkina, Olga"]
[Black "Razuvajeva, Julia"]
[Result "1-0"]
[WhiteElo "2200"]
[BlackElo "2090"]

1.d4 d5 2.c4 c6 3.Nf3 Nf6 4.Nc3 e6 5.e3 Nbd7 6.Bd3 Be7 7.O-O O-O 8.b3 Qa5
9.Bb2 Rd8 10.Qc2 Nf8 11.e4 dxe4 12.Nxe4 Nxe4 13.Bxe4 Ng6 14.Rfd1 Qh5 15.Ne5 Nh4
16.g4 Qh6 17.Bc1 g5 18.Be3 f5 19.Bh1 Bf6 20.Rd3 Bd7 21.Rf1 f4 22.Bc1 Be8
23.Be4 Qg7 24.Bb2 c5 25.Re1 cxd4 26.Rxd4 Bg6 27.Rxd8+ Rxd8 28.Nxg6 Bxb2 29.Nxh4 gxh4
30.Bxh7+ Kf8 31.h3 Bc3 32.Re2 Qf6 33.Be4 b6 34.Bf3 Kg7 35.Kh2 Bd4 36.Qe4 e5
37.Qb7+ Qf7 38.Qxf7+ Kxf7 39.Kg2 Bc3 40.Bd5+ Kf6 41.a3 a5 42.Rc2 Bd4 43.b4 axb4
44.axb4 Rd7 45.Kf3 Rd6 46.Ke4 Rd7 47.c5 bxc5 48.bxc5 Ra7 49.c6 Bb6 50.Rb2 Bc7
51.Rb7 Rxb7 52.cxb7 Bb8 53.f3 Bc7 54.Kd3 Bb8 55.Be4 Ba7 56.Kc4 Bb8 57.Kb5 Ke7
58.Kc6 Ke8 59.g5 Ke7 60.Bd5 Ke8 61.g6 Kf8 62.Kd7 Kg7 63.Be4  1-0

[Event "RUS-ch"]
[Site "Elista"]
[Date "1996.??.??"]
[Round "10"]
[White "Rustemov, Alexander"]
[Black "Shabanov, Yuri"]
[Result "0-1"]
[WhiteElo "2535"]
[BlackElo "2405"]

1.d4 d5 2.c4 c6 3.Nc3 Nf6 4.Nf3 e6 5.e3 Nbd7 6.Qc2 b6 7.b3 Bb7 8.Bb2 Be7
9.Bd3 O-O 10.O-O h6 11.Rad1 Qc7 12.h3 Bd6 13.e4 dxe4 14.Nxe4 Nxe4 15.Bxe4 Rfe8
16.c5 Bf8 17.Rfe1 a5 18.Bc1 bxc5 19.dxc5 f5 20.Bd3 Nxc5 21.Bc4 Ba6 22.Nd4 Bxc4
23.Qxc4 Qf7 24.Ba3 Nd7 25.Bxf8 Nxf8 26.Nxc6 Qc7 27.Qb5 Kh7 28.Rc1 Ng6 29.Rc4 e5
30.h4 Qd7 31.g3 f4 32.h5 Ne7 33.Rxe5 fxg3 34.Nxe7 Qh3 35.fxg3 Qxg3+ 36.Kf1 Rxe7
37.Rxe7 Rf8+ 38.Ke2 Rf2+ 39.Kd1 Qd3+ 40.Kc1 Qd2+ 41.Kb1 Qb2+  0-1

[Event "BCF-chT 96/97"]
[Site "England"]
[Date "1996.??.??"]
[Round "?"]
[White "Pritchett, Craig William"]
[Black "McDonald, Neil R"]
[Result "0-1"]
[WhiteElo "2305"]
[BlackElo "2490"]

1.Nf3 d5 2.d4 Nf6 3.c4 c6 4.Nc3 e6 5.e3 Nbd7 6.Be2 Bd6 7.O-O O-O 8.b3 b6
9.Qc2 Bb7 10.e4 Nxe4 11.Nxe4 dxe4 12.Qxe4 Qc7 13.Bb2 Rae8 14.Rad1 f5 15.Qh4 Rf6
16.c5 Bf4 17.d5 e5 18.d6 Qc8 19.Ng5 Bxg5 20.Qxg5 Ba6 21.Rfe1 Bxe2 22.Rxe2 Rf7
23.cxb6 axb6 24.Rde1 e4 25.f3 Nc5 26.Qd2 Qd7 27.fxe4 fxe4 28.Ba3 Nd3 29.Rxe4 Nxe1
30.Qxe1 Rxe4 31.Qxe4 Qf5 32.Qe8+ Rf8 33.Qe1 Ra8 34.Bb2 Qc5+ 35.Qf2 Qxf2+
36.Kxf2 Rxa2 37.d7 Ra8 38.Be5 Rd8 39.Bc7 Rxd7 40.Bxb6 Rb7  0-1

[Event "Espoo op"]
[Site "Espoo"]
[Date "1996.??.??"]
[Round "?"]
[White "Paasikangas, Johanna"]
[Black "Andersson, Johan"]
[Result "1-0"]
[WhiteElo "2200"]
[BlackElo "2175"]

1.d4 d5 2.c4 c6 3.Nc3 Nf6 4.Nf3 e6 5.e3 Nbd7 6.Qc2 Bd6 7.Bd2 O-O 8.h4 e5
9.h5 e4 10.Ng1 a6 11.h6 g6 12.Be2 b5 13.c5 Bc7 14.O-O-O Kh8 15.f3 b4 16.Nb1 a5
17.Nh3 Qe7 18.Nf2 Bg3 19.Rdf1 Ba6 20.Bxa6 Rxa6 21.Rh3 Nh5 22.Qd1 f5 23.Nh1 Bc7
24.g4 fxg4 25.fxg4 Nhf6 26.Be1 Raa8 27.Bh4 Qe6 28.Rg1 Rf7 29.Nf2 Raf8 30.Rg2 Ng8
31.Qe2 Nxh6 32.Nd2 Ng8 33.Bg3 Bxg3 34.Rhxg3 Nb8 35.Rh3 Nf6 36.Rgh2 Kg8 37.g5 Nh5
38.Ng4 Kh8 39.Ne5 Rg7 40.Nxg6+ Qxg6 41.Rxh5 Rf5 42.Qg4 Nd7 43.Rg2 Nf8 44.Qh3 Ne6
45.Rh6 Qf7 46.g6  1-0

[Event "POR-chT9596"]
[Site "Evora"]
[Date "1996.??.??"]
[Round "?"]
[White "Santos, Luis M"]
[Black "Alexandre, Jorge"]
[Result "1-0"]
[WhiteElo "2370"]
[BlackElo "2280"]

1.c4 c6 2.d4 d5 3.Nc3 e6 4.e3 Nf6 5.Nf3 Bd6 6.Bd3 Nbd7 7.O-O O-O 8.e4 dxe4
9.Nxe4 Nxe4 10.Bxe4 Nf6 11.Bc2 h6 12.b3 b5 13.Qe2 Bb7 14.Rd1 Qc7 15.c5 Be7
16.Ne5 Nd5 17.Rd3 f5 18.Rg3 Rf6 19.Qh5 Kh7 20.Ng4 Nf4 21.Nxf6+ Bxf6 22.Bxf5+ Kh8
23.Qf3 exf5 24.Bxf4 Qe7 25.Be5 Bxe5 26.Re1 f4 27.Rxe5 Qxe5 28.dxe5 fxg3 29.Qf7  1-0

[Event "FIN-chT 9697"]
[Site "FIN"]
[Date "1996.??.??"]
[Round "1.7"]
[White "Fieandt, John"]
[Black "Hintikka, Eero"]
[Result "1-0"]
[WhiteElo "2220"]
[BlackElo "2170"]

1.d4 d5 2.c4 e6 3.Nf3 Nf6 4.Nc3 c6 5.e3 Nbd7 6.Qc2 Bd6 7.Bd3 dxc4 8.Bxc4 e5
9.O-O Qe7 10.h3 O-O 11.Re1 a5 12.a3 e4 13.Ng5 Nb6 14.Ba2 Bf5 15.f3 Rae8 16.Bb1 Bb8
17.Ncxe4 Nxe4 18.Nxe4 Bg6 19.Qb3 Nd5 20.Bd2 Qc7 21.Nf2 f5 22.Ba2 Kh8 23.f4 Rf6
24.Nd3 Bf7 25.Qc2 Bg8 26.Ne5 b6 27.b4 axb4 28.axb4 Qd6 29.Qb2 Rh6 30.Bc4 Nf6
31.Bxg8 Kxg8 32.b5 cxb5 33.Qxb5 Nd5  1-0

[Event "FIN-chT 9697"]
[Site "FIN"]
[Date "1996.??.??"]
[Round "2.4"]
[White "Kanko, Ilkka"]
[Black "Tikkanen, Kari"]
[Result "1-0"]
[WhiteElo "2295"]
[BlackElo "2265"]

1.d4 d5 2.c4 c6 3.Nc3 Nf6 4.e3 e6 5.Nf3 Nbd7 6.Bd3 dxc4 7.Bxc4 b5 8.Bd3 Bb7
9.O-O Be7 10.e4 b4 11.Na4 O-O 12.e5 Nd5 13.Qe2 Qa5 14.b3 c5 15.Bg5 Nc3 16.Nxc3 Bxf3
17.Qxf3 Bxg5 18.Ne4 Be7 19.Qh3 g6 20.f4 cxd4 21.Rf3 Rfc8 22.Raf1 Rc3 23.Nxc3 bxc3
24.f5 exf5 25.Rxf5 gxf5 26.Qxf5 Nf6 27.Qf4 Qd5 28.exf6 Bf8 29.Be4 Qc5 30.b4 Qh5
31.Qg3+  1-0

[Event "FIN-chT 9697"]
[Site "FIN"]
[Date "1996.??.??"]
[Round "5.5"]
[White "Kanko, Ilkka"]
[Black "Koskinen, Henri"]
[Result "0-1"]
[WhiteElo "2295"]
[BlackElo "2230"]

1.d4 d5 2.c4 c6 3.Nc3 Nf6 4.Nf3 e6 5.e3 Nbd7 6.Bd3 dxc4 7.Bxc4 b5 8.Bd3 a6
9.e4 c5 10.d5 c4 11.dxe6 fxe6 12.Bc2 Qc7 13.O-O Bc5 14.Ng5 Ne5 15.Kh1 h6
16.Nf3 Nxf3 17.Qxf3 Bb7 18.Qh3 O-O-O 19.Qxe6+ Kb8 20.Qf5 Bc8 21.Qf3 Bd6 22.h3 Rhf8
23.Qe2 g5 24.Nd5 Nxd5 25.exd5 g4 26.hxg4 Rde8 27.Be3 Qg7 28.Bf5 Qe5 29.g3 Qxd5+
30.Kg1 Bb7  0-1

[Event "FIN-chT 9596"]
[Site "FIN"]
[Date "1996.??.??"]
[Round "9"]
[White "Manninen, Marko"]
[Black "Liiva, Riho"]
[Result "1-0"]
[WhiteElo "2380"]
[BlackElo "2425"]

1.d4 d5 2.c4 c6 3.Nc3 Nf6 4.Nf3 e6 5.e3 Nbd7 6.Qc2 Bd6 7.Bd3 O-O 8.O-O dxc4
9.Bxc4 e5 10.h3 Qe7 11.a3 b5 12.Ba2 Bb7 13.Bd2 a5 14.Ng5 b4 15.axb4 Bxb4
16.Rfe1 h6 17.Nge4 Rfd8 18.Rad1 Rac8 19.Ng3 Qf8 20.Qf5 exd4 21.exd4 Re8 22.Nge4 Nxe4
23.Nxe4 Rcd8 24.Bxb4 axb4 25.Qxf7+ Qxf7 26.Bxf7+ Kxf7 27.Nd6+ Kf8 28.Nxb7 Rxe1+
29.Rxe1 Rb8 30.Nc5 Nxc5 31.dxc5 Rb5 32.Re5 Ra5 33.Kh2 Ra2 34.Re2 b3 35.Kg3 Ra5
36.Re3 Rxc5 37.Rxb3 Rc2 38.Kf3 Kf7 39.Ke3 Kf6 40.Rb7 g5 41.Rb8 Kg6 42.b4 h5
43.Rg8+ Kf5 44.Kd3 Rc1 45.Kd4 Rg1 46.g3 Rd1+ 47.Kc3 Rh1 48.Rf8+ Ke4 49.h4 gxh4
50.Rf4+ Ke5 51.Rxh4 Rxh4 52.gxh4 Kf4 53.Kd4 Kg4 54.Ke5 Kxh4 55.f4 Kg4 56.f5  1-0

[Event "Finkenstein op"]
[Site "Finkenstein"]
[Date "1996.??.??"]
[Round "2"]
[White "Grom, Waldemar"]
[Black "Stojnic, Miodrag"]
[Result "0-1"]
[WhiteElo "1855"]
[BlackElo "2090"]

1.c4 c6 2.Nc3 d5 3.e3 e6 4.d4 Nf6 5.Nf3 Nbd7 6.Be2 dxc4 7.Bxc4 b5 8.Bd3 a6
9.Qe2 Bb7 10.Bd2 c5 11.dxc5 Nxc5 12.Bc2 Qc7 13.Rc1 Qb8 14.a3 Bd6 15.e4 O-O
16.O-O h6 17.h3 Rd8 18.b4 Ncd7 19.Be3 Nf8 20.Rfd1 Ng6 21.g3 Rd7 22.Nd4 Bxg3
23.fxg3 Qxg3+ 24.Kf1 Nh4 25.Qf2 Qxh3+ 26.Ke2 Ng4 27.Qg1 e5 28.Nd5 exd4 29.Rxd4 Nf3
30.Qf1 Nxd4+ 31.Bxd4 Qxf1+ 32.Rxf1 Bxd5 33.exd5 Rxd5 34.Be4 Re8 35.Kd3 Ne5+
36.Ke3 Nc4+ 37.Kd3 Rd6 38.Rg1 Red8 39.Rxg7+ Kf8  0-1

[Event "Finkenstein op"]
[Site "Finkenstein"]
[Date "1996.??.??"]
[Round "3"]
[White "Bergen, Peter"]
[Black "Soln, Primoz"]
[Result "1/2-1/2"]
[WhiteElo "2155"]
[BlackElo "2330"]

1.d4 d5 2.Nf3 c6 3.e3 Nf6 4.c4 e6 5.Nc3 Nbd7 6.Bd3 dxc4 7.Bxc4 b5 8.Bd3 a6
9.e4 c5 10.e5 cxd4 11.Nxb5 axb5 12.exf6 gxf6 13.O-O Qb6 14.Qe2 b4 15.Rd1 e5
16.Bb5 Be7 17.Nh4 Ra5 18.Bc4 Nc5 19.Qh5 Be6 20.Bxe6 Qxe6 21.Nf5 Bf8 22.Bd2 Rxa2
23.Bxb4 Rg8 24.Rxa2 Qxa2 25.Bxc5 Qd5 26.Ng3 Bxc5 27.Qf5 Ke7 28.Ne4 Rg6 29.g3 Bb6
30.Qf3 Kf8 31.Qa3+ Kg7 32.Nd6 Qe6 33.Qb4 f5 34.Nc4 Bd8 35.b3 f4 36.Re1 Bf6
37.Nd2 Qh3 38.Qb7 Rh6 39.Qg2 Qf5 40.Qe4 Qxe4 41.Rxe4 fxg3 42.hxg3 Be7 43.Rxe5 Bb4
44.Nc4 Ra6 45.Rd5 Bc3 46.Kg2  1/2-1/2

[Event "Finkenstein op"]
[Site "Finkenstein"]
[Date "1996.??.??"]
[Round "6"]
[White "Djurkovic, Maks"]
[Black "Videki, Sandor"]
[Result "0-1"]
[WhiteElo "2095"]
[BlackElo "2405"]

1.d4 d5 2.Nf3 Nf6 3.c4 c6 4.e3 e6 5.Nc3 Nbd7 6.Qc2 Bd6 7.b3 O-O 8.Bb2 e5
9.cxd5 cxd5 10.dxe5 Nxe5 11.Be2 Nxf3+ 12.Bxf3 d4 13.exd4 Re8+ 14.Kf1 Qa5
15.a3 Bf5 16.Qd2 Rac8 17.b4 Qa6+ 18.Kg1 Ne4 19.Bxe4 Bxe4 20.f3 Bd3 21.Rc1 Be7
22.Kf2 Rcd8 23.Rhe1 h6 24.Ne4 Bh4+ 25.g3 Bxe4 26.Rxe4 Rxe4 27.fxe4 Bg5 28.Qc3 Qf6+
29.Qf3 Qxf3+ 30.Kxf3 Bxc1 31.Bxc1 Rxd4 32.Ke3 Rd1 33.Bd2 Ra1 34.Kd4 Rxa3
35.Bc3  0-1

[Event "Finkenstein op"]
[Site "Finkenstein"]
[Date "1996.??.??"]
[Round "8"]
[White "Buck, Lars"]
[Black "Stojnic, Miodrag"]
[Result "1/2-1/2"]
[WhiteElo "2190"]
[BlackElo "2090"]

1.d4 d5 2.c4 c6 3.Nc3 Nf6 4.Nf3 e6 5.e3 Nbd7 6.Qc2 Bd6 7.g4 dxc4 8.g5 Nd5
9.Bxc4 Nxc3 10.bxc3 b6 11.e4 Bb7 12.e5 Be7 13.g6 hxg6 14.Bxe6 c5 15.Rg1 Bxf3
16.Bxf7+ Kf8 17.Qxg6 Bf6 18.exf6 Qxf6 19.Qxf6 Nxf6 20.Bc4 Rxh2 21.dxc5 Re8+
22.Be3 Ng4 23.Rxg4 Bxg4 24.Kd2 Be6 25.Bxe6 Rxe6 26.cxb6 axb6 27.Rb1 Rd6+
28.Kc2 Re6 29.Kd2  1/2-1/2

[Event "Foster City op"]
[Site "Foster City"]
[Date "1996.??.??"]
[Round "5"]
[White "Pupols, Viktors"]
[Black "Shipman, Walter"]
[Result "1/2-1/2"]
[WhiteElo "2235"]
[BlackElo "2365"]

1.d4 d5 2.c4 e6 3.Nc3 c6 4.Nf3 Nf6 5.e3 Nbd7 6.Ne5 Nxe5 7.dxe5 Nd7 8.f4 Nb6
9.cxd5 Nxd5 10.Nxd5 Qxd5 11.Bd2 Be7 12.Qc2 Bh4+ 13.Ke2 b6 14.e4 Qd7 15.Rd1 Ba6+
16.Kf3 Bxf1 17.Bb4 Qb7 18.Rhxf1 c5 19.Bc3 O-O 20.Rd2 Rfd8 21.Rfd1 Be7 22.a4 Qc7
23.f5 Rxd2 24.Rxd2 Rd8 25.f6 Bf8 26.Qd1 Rxd2 27.Qxd2 b5 28.b3 b4 29.Bb2 c4
30.bxc4 Qxc4 31.fxg7 Be7 32.Bd4 Bg5 33.Be3 Bxe3 34.Qd8+ Kxg7 35.Qf6+ Kf8
36.Qd8+  1/2-1/2

[Event "FRA-ch"]
[Site "France"]
[Date "1996.??.??"]
[Round "9"]
[White "Anic, Darko"]
[Black "Lepelletier, Benoit"]
[Result "1-0"]
[WhiteElo "2455"]
[BlackElo "2460"]

1.Nf3 Nf6 2.c4 c6 3.Nc3 d5 4.d4 e6 5.e3 Nbd7 6.Bd3 Bd6 7.O-O O-O 8.e4 dxe4
9.Nxe4 Nxe4 10.Bxe4 h6 11.b3 Nf6 12.Bc2 b6 13.Bb2 Bb7 14.Qd3 Re8 15.Rfe1 Qc7
16.Rad1 Rad8 17.Bb1 Kf8 18.Qc2 Be7 19.Ne5 c5 20.d5 exd5 21.Nxf7 Kxf7 22.Qg6+ Kf8
23.Be5 Rd6 24.Re3 Bd8 25.Bxf6 Rxe3 26.Bxg7+ Ke7 27.Qh7 Ree6 28.Be5+ Ke8 29.Qg8+ Ke7
30.Re1 dxc4 31.Qg7+ Ke8 32.Bg6+ Rxg6 33.Bxd6+  1-0

[Event "Frydek-Mistek op"]
[Site "Frydek-Mistek"]
[Date "1996.??.??"]
[Round "8"]
[White "Voloshin, Leonid"]
[Black "Ivanov, Oleg"]
[Result "1/2-1/2"]
[WhiteElo "2420"]
[BlackElo "2430"]

1.d4 d5 2.c4 c6 3.Nc3 Nf6 4.e3 e6 5.Nf3 Nbd7 6.Bd3 dxc4 7.Bxc4 b5 8.Be2 Bb7
9.O-O Be7 10.a3 a5 11.Qc2 O-O 12.Bd2 Bd6 13.e4 e5 14.dxe5 Nxe5 15.Nxe5 Bxe5
16.f4 Bd4+ 17.Kh1 b4 18.Na4 c5 19.Bf3 Re8 20.e5 Bxf3 21.Rxf3 Nd5 22.Re1 Rc8
23.Nc3 bxc3 24.bxc3 Bxe5 25.fxe5 c4 26.Rh3 g6 27.Qc1 Qc7 28.Bf4 f6 29.Bg3 fxe5
30.Rh4 Nf4 31.Qe3 Qc6 32.Qf3 Nd3 33.Qxc6 Rxc6 34.Ree4 Rb8 35.h3 Rb3 36.Kh2 Rxc3
37.Bxe5 Nxe5 38.Rxe5 Rxa3 39.Re7  1/2-1/2

[Event "Frydek-Mistek (Women)"]
[Site "Frydek-Mistek"]
[Date "1996.??.??"]
[Round "8"]
[White "Krupkova, Petra"]
[Black "Stjazhkina, Olga"]
[Result "1/2-1/2"]
[WhiteElo "2300"]
[BlackElo "2200"]

1.d4 d5 2.c4 e6 3.Nc3 c6 4.e3 Nf6 5.Nf3 Nbd7 6.Qc2 Bd6 7.b3 O-O 8.Be2 dxc4
9.bxc4 e5 10.O-O Re8 11.Rd1 Qe7 12.Rb1 e4 13.Nd2 Nf8 14.Nf1 h5 15.a4  1/2-1/2

[Event "ISL-ch"]
[Site "Gardabaer"]
[Date "1996.??.??"]
[Round "11"]
[White "Gretarsson, Helgi Ass"]
[Black "Thorhallsson, Throstur"]
[Result "1/2-1/2"]
[WhiteElo "2450"]
[BlackElo "2445"]

1.c4 e6 2.Nc3 d5 3.d4 c6 4.e3 Nf6 5.Nf3 Nbd7 6.Qc2 Bd6 7.Be2 O-O 8.O-O Re8
9.Rd1 Qe7 10.h3 b6 11.e4  1/2-1/2

[Event "Eikrem mem"]
[Site "Gausdal"]
[Date "1996.??.??"]
[Round "3"]
[White "Agdestein, Simen"]
[Black "Leer Salvesen, Bjarte"]
[Result "1-0"]
[WhiteElo "2600"]
[BlackElo "2220"]

1.d4 e6 2.c4 d5 3.Nc3 Nf6 4.Nf3 c6 5.e3 Nbd7 6.Bd3 Bd6 7.O-O O-O 8.e4 dxe4
9.Nxe4 Nxe4 10.Bxe4 Nf6 11.Bc2 b6 12.Qe2 Bb7 13.b3 Qe7 14.Bg5 Rfe8 15.Rad1 Qd8
16.Ne5 Be7 17.Bxf6 Bxf6 18.Bxh7+ Kf8 19.Be4 Qc7 20.f4 Rac8 21.Rd3 c5 22.Bxb7 Qxb7
23.dxc5 Bxe5 24.fxe5 Rxc5 25.Rh3 Qd7 26.Qf2 Rxe5 27.Rh8+ Ke7 28.Qxf7+ Kd8
29.Rxe8+  1-0

[Event "Oberliga Sued W9697"]
[Site "GER"]
[Date "1996.??.??"]
[Round "?"]
[White "Schiff, Armin"]
[Black "Jung, Thomas"]
[Result "0-1"]
[WhiteElo "2215"]
[BlackElo "2135"]

1.d4 Nf6 2.c4 e6 3.Nf3 d5 4.e3 c6 5.Nc3 Nbd7 6.Bd3 dxc4 7.Bxc4 b5 8.Bd3 a6
9.O-O Bb7 10.b3 c5 11.Bb2 Be7 12.Qe2 O-O 13.Rfd1 Qb6 14.Rac1 Rfd8 15.Bb1 cxd4
16.exd4 b4 17.Na4 Qb5 18.Bd3 Qa5 19.Nd2 Bd6 20.f3 Qh5 21.g3 Nd5 22.f4 Qh3
23.Ne4 Bxf4 24.Nf2 Qh6 25.gxf4 Nxf4 26.Qe3 Nf6 27.Nb6 N6d5 28.Nxd5 Rxd5 29.Rc5 Rad8
30.Bc1 Rg5+ 31.Rxg5 Qxg5+ 32.Qg3 Qd5 33.Be4 Ne2+ 34.Kg2 Qxe4+ 35.Nxe4 Bxe4+
36.Qf3 Bxf3+ 37.Kxf3 Nc3 38.Rd2 Nd5 39.Bb2 Rc8 40.Ke2 Kf8 41.Kd1 Ke7 42.Ke2 g6
43.Kd1 a5 44.Ke2 h5 45.Kd1 Nc3+ 46.Bxc3 Rxc3 47.d5 e5 48.d6+ Kd7 49.Rd5 e4
50.Rxa5 Rh3 51.Ra7+ Kxd6 52.Rxf7 Rxh2 53.Rf6+ Ke5 54.Rxg6 Rxa2 55.Rg5+ Kd4
56.Rxh5 e3 57.Rh8 Kd3  0-1

[Event "Oberliga Sued W9697"]
[Site "GER"]
[Date "1996.??.??"]
[Round "?"]
[White "Kipper, Jens"]
[Black "Esswein, Karlheinz"]
[Result "0-1"]
[WhiteElo "2200"]
[BlackElo "2085"]

1.d4 d5 2.c4 c6 3.Nc3 Nf6 4.e3 e6 5.Nf3 Nbd7 6.Qc2 Bd6 7.Bd3 O-O 8.O-O dxc4
9.Bxc4 e5 10.h3 Qe7 11.a3 h6 12.Nh4 Rd8 13.Nf5 Qf8 14.Nxd6 Qxd6 15.Rd1 Qe7
16.Ba2 Nf8 17.d5 cxd5 18.Nxd5 Nxd5 19.Bxd5 Be6 20.e4 Rac8 21.Qb3 Rc7 22.Be3 b6
23.a4 Rcd7 24.a5 Bxd5 25.exd5 bxa5 26.Rxa5 Rb7 27.Qa2 Qb4 28.Rd2 Rdd7 29.Ra4 Qe7
30.Rc2 Ng6 31.Rc8+ Kh7 32.Ra8 Nf4 33.R8xa7 Rxd5 34.Qb1+ g6 35.Rxb7 Qxb7 36.Ra7 Rd1+  0-1

[Event "Oberliga Nord N9697"]
[Site "Germany"]
[Date "1996.??.??"]
[Round "?"]
[White "Knuth, Hannes"]
[Black "Voigt, Martin"]
[Result "0-1"]
[WhiteElo "2280"]
[BlackElo "2255"]

1.d4 d5 2.c4 c6 3.Nf3 Nf6 4.Nc3 e6 5.e3 Nbd7 6.Bd3 dxc4 7.Bxc4 b5 8.Bd3 a6
9.e4 c5 10.d5 c4 11.Bc2 Qc7 12.O-O Bd6 13.Qe2 O-O 14.Bg5 Ng4 15.dxe6 fxe6
16.e5 Ngxe5 17.Nxe5 Nxe5 18.Ne4 Nd3 19.Nxd6 Qxd6 20.Qe4 Qd5 21.Qxd5 exd5
22.Bxd3 cxd3 23.f3 Bf5 24.Rac1 Rfe8 25.g4 Bg6 26.h4 h6 27.Bd2 Re2 28.Rf2 Rae8
29.Rcf1 h5 30.Kg2 d4 31.Kg3 Kf7 32.Kf4 Rc8 33.Rxe2 dxe2 34.Re1 Bd3 35.Ke5 Rc2
36.Bc1 hxg4 37.fxg4 Bf5 38.gxf5 d3 39.Bg5 d2 40.Bxd2 Rxd2 41.a4 bxa4 42.h5 Rxb2
43.h6 gxh6 44.f6 Rb6  0-1

[Event "BL2-O9596"]
[Site "Germany"]
[Date "1996.??.??"]
[Round "?"]
[White "Konopka, Michal"]
[Black "Stettler, Michael"]
[Result "1-0"]
[WhiteElo "2405"]
[BlackElo "2350"]

1.d4 Nf6 2.Nf3 d5 3.c4 c6 4.Nc3 e6 5.e3 Nbd7 6.Qc2 Bd6 7.g4 Nxg4 8.Rg1 Ngf6
9.Rxg7 h6 10.Bd2 Qe7 11.O-O-O Nf8 12.Bd3 dxc4 13.Bxc4 Bd7 14.Ne5 Rh7 15.Rdg1 O-O-O
16.f4 Rxg7 17.Rxg7 Be8 18.Be2 Kb8 19.Qb3 Rc8 20.Bf3 Ka8 21.Kb1 N8d7 22.Be1 Nd5
23.Ne4 Bc7 24.Ng6 Qd8 25.Bh4 f6 26.Ne5 Nf8 27.Qa3 Bxe5 28.fxe5 Bg6 29.Kc1 Bxe4
30.Bxe4 Qe8 31.Qb3  1-0

[Event "Landesliga S9596 Bayern"]
[Site "Germany"]
[Date "1996.??.??"]
[Round "?"]
[White "Nitsche, Dirk"]
[Black "Luft, Martin"]
[Result "1-0"]
[WhiteElo "2125"]
[BlackElo "2105"]

1.d4 d5 2.Nf3 Nf6 3.c4 c6 4.Nc3 e6 5.e3 Nbd7 6.Qc2 Bd6 7.Be2 Qe7 8.O-O dxc4
9.Bxc4 O-O 10.e4 e5 11.Rd1 exd4 12.Nxd4 Nc5 13.f3 Qc7 14.g3 a6 15.Be3 b5
16.Bf1 Re8 17.Rac1 h5 18.Nce2 a5 19.Nxb5 cxb5 20.Bxc5 Bxc5+ 21.Qxc5 Qb8 22.Nf4 h4
23.Qc7 hxg3 24.hxg3  1-0

[Event "Oberliga Nord O9596"]
[Site "Germany"]
[Date "1996.??.??"]
[Round "?"]
[White "Federau, Juergen"]
[Black "Simon, Ralf Axel"]
[Result "1-0"]
[WhiteElo "2260"]
[BlackElo "2230"]

1.d4 d5 2.c4 e6 3.Nc3 c6 4.e3 Nf6 5.Nf3 Nbd7 6.Bd3 dxc4 7.Bxc4 b5 8.Bd3 Bb7
9.O-O b4 10.Ne4 Be7 11.Nxf6+ Bxf6 12.a3 c5 13.dxc5 bxa3 14.Rxa3 Nxc5 15.Bb5+ Ke7
16.Qxd8+ Rhxd8 17.Be2 Bd5 18.Nd2 Rdb8 19.b4 Nd7 20.b5 Rc8 21.Nf3 Nb6 22.Bd2 Bc4
23.Bxc4 Rxc4 24.Rc1 Rxc1+ 25.Bxc1 Kd6 26.e4 Kc5 27.e5 Be7 28.Rb3 Nc4 29.Be3+ Nxe3
30.fxe3 Kc4  1-0

[Event "Oberliga Nord N9596"]
[Site "Germany"]
[Date "1996.??.??"]
[Round "?"]
[White "Trisic, Alexandar"]
[Black "Lamprecht, Frank"]
[Result "0-1"]
[WhiteElo "2210"]
[BlackElo "2395"]

1.d4 d5 2.c4 e6 3.Nc3 c6 4.e3 Nf6 5.Nf3 Nbd7 6.Qc2 Bd6 7.Be2 O-O 8.O-O dxc4
9.Bxc4 e5 10.a3 Qc7 11.h3 a6 12.Rd1 exd4 13.Nxd4 Re8 14.b3 Ne5 15.Be2 Ng6
16.Bb2 Nh4 17.Rac1 c5 18.Nf3 Bf5 19.Qd2 Rad8 20.Qe1 Nxf3+ 21.Bxf3 Be6 22.Ne4 Nxe4
23.Bxe4 Bxh3 24.Qc3 Be5 25.Qxe5 Rxe5 26.Bxe5 Qe7 27.Rxd8+ Qxd8 28.gxh3 Qe7
29.Rd1 h5 30.f4 f6 31.Bd5+ Kh8 32.Bb8 Qxe3+ 33.Kf1 Kh7 34.Bxb7 Qxh3+ 35.Ke2 Qxb3
36.Be4+ g6 37.Rd7+ Kh6 38.Rd8 Qb6  0-1

[Event "BL2-S9596"]
[Site "Germany"]
[Date "1996.??.??"]
[Round "?"]
[White "Fahnenschmidt, Gerhard"]
[Black "Schwalfenberg, Joerg"]
[Result "1-0"]
[WhiteElo "2400"]
[BlackElo "2300"]

1.d4 d5 2.c4 c6 3.Nc3 Nf6 4.e3 e6 5.Nf3 Nbd7 6.Qc2 Bd6 7.b3 O-O 8.Be2 Qe7
9.O-O b6 10.e4 dxe4 11.Nxe4 Nxe4 12.Qxe4 Bb7 13.Bb2 f5 14.Qc2 c5 15.Rad1 cxd4
16.Nxd4 Bxh2+ 17.Kxh2 Qh4+ 18.Kg1 Bxg2 19.Kxg2 Qg5+ 20.Kh3 Rf6 21.Nxf5 Rxf5
22.Qe4 Raf8 23.Qxe6+ Kh8 24.Rxd7 R5f6 25.Bxf6 Qh6+ 26.Kg2  1-0

[Event "BL2-S9596"]
[Site "Germany"]
[Date "1996.??.??"]
[Round "?"]
[White "Grabert, Ralf"]
[Black "Bach, Edwin"]
[Result "1-0"]
[WhiteElo "2275"]
[BlackElo "2325"]

1.d4 d5 2.c4 e6 3.Nf3 Nf6 4.Nc3 c6 5.e3 Nbd7 6.Qc2 Bd6 7.Be2 O-O 8.O-O Re8
9.a3 Qe7 10.h3 b6 11.e4 Nxe4 12.Nxe4 dxe4 13.Qxe4 Bb7 14.b4 e5 15.Be3 exd4
16.Qxe7 Bxe7 17.Nxd4 g6 18.Rfd1 Bf6 19.Rab1 Rad8 20.Nb3 Ba6 21.a4 Ne5 22.b5 cxb5
23.axb5 Bc8 24.c5 Rxd1+ 25.Rxd1 bxc5 26.Nxc5 Be7 27.Ra1 Bxc5 28.Bxc5 Be6
29.Rxa7 Bd5 30.Rc7 Nc4 31.Bd4 Na5 32.b6 Nb7 33.Ba6 Rb8 34.Be5 Na5 35.Rc5  1-0

[Event "BL2-S9596"]
[Site "Germany"]
[Date "1996.??.??"]
[Round "?"]
[White "Klebel, Martin"]
[Black "Petrosian, Karen"]
[Result "1-0"]
[WhiteElo "2395"]
[BlackElo "2375"]

1.d4 Nf6 2.Nf3 d5 3.c4 c6 4.e3 e6 5.Nc3 Nbd7 6.Qc2 Bd6 7.b3 O-O 8.Be2 e5
9.cxd5 cxd5 10.Nb5 Bb4+ 11.Bd2 Qe7 12.O-O Bxd2 13.Nxd2 e4 14.Rfc1 a6 15.Nc3 b5
16.a4 b4 17.Nd1 Bb7 18.Qc7 Rab8 19.f3 exf3 20.gxf3 Nh5 21.Nf1 Rfc8 22.Qa5 Nf4
23.Bxa6 Nh3+ 24.Kg2 Rxc1 25.Rxc1 Ra8 26.Ng3 Bxa6 27.Qxd5 Rc8 28.Rxc8+ Bxc8
29.Qc6 Qd8 30.a5 Ng5 31.Nf5 Kh8 32.Nd6 Nf8 33.Nxc8 Qxa5 34.Qe8 Ne6 35.Qxf7 Qg5+
36.Kf1 Qf6 37.Qxf6 gxf6 38.Ne7 Nc7 39.Ke2 Kg7 40.e4 Nfe6 41.Ke3 Kf7 42.Nc6 Na6
43.Nb2 Kg6 44.Nd3 Kg5 45.Ndxb4 Nac7 46.Nd3 Kh4 47.d5 Nf8 48.Nb8 Nb5 49.Nf4 h5
50.b4 Na3 51.Kd3 Nb5 52.Kc4 Nd6+ 53.Kc5 Nf7 54.Ne6 Ng6 55.Nd7 Kh3 56.b5 h4
57.b6 Nge5 58.Nxe5 Nxe5 59.b7 Nd7+ 60.Kd6 Nb8 61.Kc7 Na6+ 62.Kc8 Kxh2 63.Nc7  1-0

[Event "BL2-S9596"]
[Site "Germany"]
[Date "1996.??.??"]
[Round "?"]
[White "Ksieski, Zbigniew"]
[Black "Klebel, Martin"]
[Result "0-1"]
[WhiteElo "2400"]
[BlackElo "2395"]

1.d4 Nf6 2.c4 c6 3.Nc3 d5 4.e3 e6 5.Nf3 Nbd7 6.Bd3 dxc4 7.Bxc4 b5 8.Be2 b4
9.Na4 Bb7 10.O-O Be7 11.Bd2 O-O 12.Ne1 Ne4 13.Nd3 Nxd2 14.Qxd2 Qa5 15.Nac5 Nxc5
16.dxc5 Bxc5 17.a3 Be7 18.axb4 Qb6 19.Rfc1 Ba6 20.Rxa6 Qxa6 21.Ne5 Bxb4 22.Qc2 Qb7
23.Bd3 g6 24.Nxc6 Rac8 25.Be4 Be7 26.g3 Bf6 27.b4 Qb5 28.Qc5 Qa4 29.Kg2 Rc7
30.h4 Rb7 31.Qd6 h5 32.Rc5 Rxb4 33.Bxg6 Rb2 34.Bxh5 Qe4+ 35.Bf3 Qxe3 36.Ne5 Qxf2+
37.Kh3 Qf1+ 38.Kg4 Rb4+ 39.Kh5 Bxe5 40.Qc6 Qd3  0-1